Gravity's fatal attraction : (Record no. 28924)

000 -LEADER
fixed length control field 00623 a2200181 4500
020 ## - INTERNATIONAL STANDARD BOOK NUMBER
International Standard Book Number 0521889448
020 ## - INTERNATIONAL STANDARD BOOK NUMBER
International Standard Book Number 9780521889445
082 04 - DEWEY DECIMAL CLASSIFICATION NUMBER
Classification number 523
090 ## - LOCALLY ASSIGNED LC-TYPE CALL NUMBER (OCLC); LOCAL CALL NUMBER (RLIN)
-- 289
-- 289
100 1# - MAIN ENTRY--PERSONAL NAME
Personal name Begelman, Mitchell.
245 10 - TITLE STATEMENT
Title Gravity's fatal attraction :
Remainder of title black holes in the universe /
Statement of responsibility, etc. Mitchell Begelman, Martin Rees.
250 ## - EDITION STATEMENT
Edition statement 2nd ed.
260 ## - PUBLICATION, DISTRIBUTION, ETC.
Place of publication, distribution, etc. [S.l.] :
Name of publisher, distributor, etc. Cambridge University Press,
Date of publication, distribution, etc. 2009.
300 ## - PHYSICAL DESCRIPTION
Extent 312 p. ;
Dimensions 25 cm.
700 1# - ADDED ENTRY--PERSONAL NAME
Personal name Rees, Martin.
942 ## - ADDED ENTRY ELEMENTS (KOHA)
Institution code [OBSOLETE] SNS
Koha item type Book
Call number prefix 523.8875 BEG
Holdings
Withdrawn status Lost status Damaged status Not for loan Permanent Location Current Location Date acquired Total Checkouts Full call number Barcode Date last seen Price effective from Koha item type
        School of Natural Sciences (SNS) School of Natural Sciences (SNS) 05/26/2016   523.8875 BEG SNS0000197 05/26/2016 05/26/2016 Book
© 2023 Central Library, National University of Sciences and Technology. All Rights Reserved.